Biblioteca ESET

Esperando a Godot (Registro nro. 674)

Detalles MARC
000 -CABECERA
fixed length control field 00583nam a2200229Ia 4500
008 - ELEMENTOS DE LONGITUD FIJA-INFORMACION GENERAL
fixed length control field 221202s9999 xx 000 0 und d
020 ## - NUMERO INTERNACIONAL NORMALIZADO PARA LIBROS
Número Internacional Normalizado del libro 97895097792
040 ## - FUENTE DE CATALOGACION
Agencia de catalogación original AR-BeUNQ
Idioma de catalogación ESPAÑOL
Convenciones de la descripción aacr
100 ## - ASIENTO PRINCIPAL-NOMBRE PERSONAL
Nombre personal Beckett, Samuel
245 #0 - MENCION DE TITULO
Título Esperando a Godot
250 ## - MENCION DE EDICION
Mención de edición 9a ed.
260 ## - PUBLICACION, DISTRIBUCION, ETC.
Lugar de publicación, distribución, etc. Buenos Aires
Nombre del editor, distribuidor, etc. Tusquets Editores
Fecha de publicación, distribución, etc 2010
300 ## - DESCRIPCION FISICA
Extensión 160 p. ;
Dimensiones 20 xz 13 cm
490 ## - MENCION DE SERIE
Mención de serie Fábula; 26
521 ## - NOTA DE AUDIENCIA
Nota de audiencia Todo publico
546 ## - NOTA DE IDIOMA
Nota de idioma Español
653 ## - TERMINO DE INDIZACION - NO CONTROLADO
Término de indización no controlado Narrativa irlandensa
653 ## - TERMINO DE INDIZACION - NO CONTROLADO
Término de indización no controlado Teatro
700 ## - ASIENTO SECUNDARIO - NOMBRE DE PERSONA
Personal name Moix, Ana Maria
929 ## - DATOS DE ADQUISICION
Proveedor UNQ
Fecha de recibido 2018
Procedencia DONACION
942 ## - ELEMENTOS DE PUNTO DE ACCESO ADICIONAL (KOHA)
Tipo de ítem Koha Libros
Suppress in OPAC 0
Existencias
Estado de retiro Estado de pérdida Ubicación permanente Ubicación actual Fecha de ingreso Signatura topográfica completa Inventario Date last seen Tipo de ítem Koha Operador
    Biblioteca ESET - UNQ Biblioteca ESET - UNQ 02/12/2022 822 BEC 60200 02/12/2022 Libros Gladys Alarcon

ESET UNQ

☏ 4365-7188
 Avenida República de Francia 1714 entre Doctor Kenny y Concordia, Ezpeleta, Bs As.
✉ secretaria_eset@unq.edu.ar

Con tecnología Koha